La sentencia en el proceso civil

Detalles Bibliográficos
Autor principal: Iglesias Machado, Salvador
Formato: Libro
Lenguaje:español
Publicado: Madrid Dykinson 2015
Materias:
Acceso en línea:Acceso restringido

MARC

LEADER 00000nam a22000007a 4500
005 20160704120527.0
007 cr|||| ||u|
008 160704s2015 sp ||||| |||| 00||0 spa|d
020 |a 978-84-9085-612-3  
035 |a 14359 
040 |a vLex 
090 |c 6226  |d 6226 
100 1 |a Iglesias Machado, Salvador 
245 1 0 |a La sentencia en el proceso civil  |h [Recurso electrn̤ico] /  |c Salvador Iglesias Machado  
256 |a Servicio en ln̕ea 
260 |a Madrid  |b Dykinson  |c 2015 
300 |a 1 recurso electrn̤ico 
500 |a La sentencia es sin duda uno de los elementos esenciales del proceso civil. Est ̀destinada, nada menos, que a contener la respuesta del juzgador a las pretensiones formuladas por las partes procesales sobre el conflicto o litigio que las enfrenta. De ah,̕ que sean muy variadas los puntos de vista desde los que la analiza la doctrina y la jurisprudencia. Pero hay una perspectiva que suele orillarse permanentemente: el estudio unificado de su contenido en las distintas fases del proceso civil (primera instancia, apelacin̤ y casacin̤). Precisamente esa constituye la finalidad de la presente monografa̕. Mostrar cm̤o partiendo de unos mismos elementos formales, la sentencia adquiere diversas dimensiones segn︢ la fase del proceso donde se dicte. Anl̀isis que, segn︢ se revela en la monografa̕, nos lleva a detectar defectos de relieve en la vigente regulacin̤ legal, cuya correccin̤ mejorara̕ notablemente la prc̀tica judicial actual, adecuǹdose con mayor precisin̤ a los mandatos constitucionales.  
506 1 |a Contenido solo disponible en los productos indicados  |d vLex Global  |d vLex Global (Academic Edition, excluding Law Schools)  |d vLex Global (U.S. Academic Edition, Law Schools)  |d vLex Global (U.S. Academic Edition, excluding Law Schools)  |d vLex Global (Academic Edition, Law Schools) 
650 0 4 |a Derecho Civil  |b Madrid 
740 0 |a vLex libros (servicio en ln̕ea) 
856 4 0 |u http://vlex.com/source/sentencia-en-el-proceso-civil-14359  |z Acceso restringido 
942 |c BOOK 
999 0 |a Civil Law  |b Mdarid